miasta w województwie mazowieckim - Statystyki

Ogólne statystyki
  • Ten quiz został rozwiązany 42 razy
  • Średni wynik to 49 z 110
Statystyki odpowiedzi
ludność miasta % Poprawnych
1,861,975 warszawa
97%
112,483 płock
93%
196,005 radom
93%
65,333 pruszków
87%
76,005 siedlce
87%
43,164 marki
80%
40,950 otwock
80%
54,170 legionowo
77%
28,564 nowy dwór mazowiecki
77%
51,979 piaseczno
77%
41,848 ciechanów
73%
40,297 mińsk mazowiecki
73%
31,047 mława
73%
42,150 wołomin
73%
39,992 żyrardów
73%
32,818 grodzisk mazowiecki
70%
48,471 ostrołęka
70%
45,013 ząbki
67%
21,000 józefów
63%
26,841 wyszków
63%
27,998 kobyłka
60%
22,399 ostrów mazowiecka
60%
21,591 płońsk
60%
33,698 sochaczew
60%
12,010 warka
60%
17,310 garwolin
57%
16,758 grójec
57%
19,199 pułtusk
57%
12,109 góra kalwaria
53%
15,760 kozienice
53%
21,253 sulejówek
53%
11,907 szydłowiec
53%
8,941 żuromin
53%
12,195 błonie
50%
13,698 brwinów
50%
17,032 konstancin jeziorna
50%
17,042 łomianki
50%
6,024 mszczonów
50%
14,719 ożarów mazowiecki
50%
23,140 piastów
50%
16,779 pionki
50%
8,002 tłuszcz
50%
12,526 węgrów
50%
7,940 zwoleń
50%
6,530 białobrzegi
47%
5,593 lipsko
47%
9,106 maków mazowiecki
47%
16,416 milanówek
47%
6,008 przysucha
47%
17,207 gostynin
43%
3,584 mrozy
43%
1,530 nowe miasto
43%
19,231 sokołów podlaski
43%
2,554 wyszogród
43%
18,179 zielonka
43%
3,755 halinów
40%
4,918 iłża
40%
6,957 łosice
40%
16,884 przasnysz
40%
13,407 radzymin
40%
17,013 sierpc
40%
2,708 kałuszyn
37%
6,842 łochów
37%
1,698 mordy
37%
4,321 nowe miasto nad pilicą
37%
9,338 karczew
33%
2,062 kosów lacki
33%
970 magnuszew
33%
4,421 pilawa
33%
4,069 raciąż
33%
1,411 wiskitki
33%
3,159 zakroczym
33%
2,279 cegłów
30%
989 czerwińsk nad wisłą
30%
1,820 dobre
30%
2,861 drobin
30%
4,121 gąbin
30%
934 jadów
30%
7,662 nasielsk
30%
3,874 podkowa leśna
30%
4,755 serock
30%
4,283 tarczyn
30%
1,850 bieżuń
27%
1,924 brok
27%
3,113 chorzele
27%
2,809 glinojeck
27%
1,071 jastrząb
27%
3,976 jedlnia letnisko
27%
4,893 łaskarzew
27%
3,397 myszyniec
27%
2,736 różan
27%
1,776 sanniki
27%
4,435 skaryszew
27%
939 solec nad wisłą
27%
3,759 żelechów
27%
1,355 latowicz
23%
1,564 lubowidz
23%
1,410 maciejowice
23%
2,316 mogielnica
23%
1,012 odrzywół
23%
2,308 siennica
23%
1,900 sochocin
23%
874 wyśmierzyce
23%
1,135 bodzanów
20%
738 ciepielów
20%
779 gielniów
20%
825 głowaczów
20%
928 sienno
20%
907 przytyk
17%
1,099 osieck
10%
Nie znaleziono quizów pasujących do podanych kryteriów
Rozkład punktacji
Procent ludzi z każdym wynikiem
Percentyl według liczby udzielonych odpowiedzi
Twoja historia wyników
Nie rozwiązałeś tego quizu